000
00355nam a2200157Ia 4500
003
0STCL
008
150530s9999 xx 000 0 und d
040
_a
STCL
_c
STCL
100
_a
Elton, O.; Litt, D.
245
_a
Modern studies
260
_b
Edward Arnold
_c
1907
546
_a
English
942
_2
ddc
_c
BK
999
_c
51515
_d
51515
005
20220125170842.0